| 000 | 01186nam a2200229Ia 4500 | ||
|---|---|---|---|
| 001 | L150-1470 | ||
| 003 | IT-CnALBA | ||
| 008 | 170116s9999||||xx |||||||||||||| ||und|| | ||
| 040 |
_aIT-CnALBA _cIT-CnALBA |
||
| 041 | _aITALIANO | ||
| 100 | _aCOLLANGE CHRISTIANE | ||
| 245 | 0 | _aVOGLIO TORNARE A CASA. | |
| 250 | _a1a ed. | ||
| 260 |
_aMILANO _bBOMPIANI VALENTINO CASA EDITR. _c1986 [1° Ed.:1986 - Ed.Ling.Originale: 1979] |
||
| 300 | _a136 p. | ||
| 500 | _aFEMMINISMO. TRADUZIONE DAL FRANCESE DI GUARINO LAURA. TROPPO FACILE TACERE... IL DEMONE DEL FOCOLARE. CRISI DI NOSTALGIA. DIFFICOLTÀ FAMILIARE O PREOCCUPAZIONE MATERNA. COSA PENSANO I FIGLI. VITA DI ASSILLO. DIGNITÀ DEL LAVORO IN CASA. LAVORATRICI SENZA S | ||
| 501 | _aSocietà San Paolo EM - Piazza San Paolo, 14 - 12051 ALBA (CN) (non commercial uses only) ® Copyright 2017 | ||
| 520 | _aFEMMINISMO. TRADUZIONE DAL FRANCESE DI GUARINO LAURA. TROPPO FACILE TACERE... IL DEMONE DEL FOCOLARE. CRISI DI NOSTALGIA. DIFFICOLTÀ FAMILIARE O PREOCCUPAZIONE MATERNA. COSA PENSANO I FIGLI. VITA DI ASSILLO. DIGNITÀ DEL LAVORO IN CASA. LAVORATRICI SENZA S | ||
| 650 | _aPSICOLOGIA | ||
| 942 | _cBK | ||
| 957 | _71 | ||
| 999 |
_a2461 _bNO _g Copie: 1 _c260698 _d260698 |
||